Human-computer interaction : theory and practice. Part II /

Bibliographic Details
Corporate Author: International Conference on Human-Computer Interaction
Other Authors: Jacko, Julie A., Stephanidis, Constantine
Format: Conference Proceeding Book
Language:English
Published: Mahwah, N.J. ; London : Lawrence Erlbaum, 2003.
Series:Human factors and ergonomics.
Proceedings of HCI International 2003 ; v. 2.
Subjects:

MARC

Tag First Indicator Second Indicator Subfields
LEADER 00000cam a2200000 a 4500
001 in00001846021
005 20151026080721.0
008 031117s2003 enka b 101 0 eng
015 |a GBA3-82764 
020 |a 0805849319 
020 |a 0805849343 (SET) 
035 |a (OCoLC)ocm53708783 
040 |a UKM  |c UKM  |d OCLCQ  |d TXA  |d UtOrBLW 
049 |a TXAM 
082 0 4 |a 004.019  |2 21 
090 |a QA76.9.H85  |b H86525 2003 
245 0 0 |a Human-computer interaction :  |b theory and practice. Part II /  |c edited by Constantine Stephanidis, Julie Jacko. 
264 1 |a Mahwah, N.J. ;  |a London :  |b Lawrence Erlbaum,  |c 2003. 
300 |a xxi, 1450 pages :  |b illustrations ;  |c 26 cm. 
336 |a text  |b txt  |2 rdacontent 
337 |a unmediated  |b n  |2 rdamedia 
338 |a volume  |b nc  |2 rdacarrier 
490 1 |a Human factors and ergonomics 
490 1 |a Proceedings of HCI International 2003 ;  |v v. 2 
500 |a "10th International Conference on Human-Computer Interaction, Symposium on Human Interface (Japan) 2003, 5th International Conference on Engineering Psychology and Cognitive Ergonomics, 2nd International Conference on Universal Access in Human-Computer Interaction, 22-27 June 2003, Crete, Greece." 
504 |a Includes bibliographical references and index. 
650 0 |a Human-computer interaction  |v Congresses. 
700 1 |a Jacko, Julie A. 
700 1 |a Stephanidis, Constantine. 
711 2 |a International Conference on Human-Computer Interaction  |n (10th :  |d 2003 :  |c Crete, Greece) 
830 0 |a Human factors and ergonomics. 
830 0 |a Proceedings of HCI International 2003 ;  |v v. 2. 
948 |a cataloged  |b h  |c 2004/7/26  |d c  |e jgreene  |f 12:59:58 pm 
994 |a E0  |b TXA 
999 |a MARS 
999 f f |s d2b56c82-8502-33a1-9e57-95df8e55790e  |i b2c15fd5-7272-3bd3-a918-fe1b8b6f199c  |t 0 
952 f f |p ric  |a Texas A&M University  |b Rellis Campus  |c Joint Library Facility  |d Remote Storage  |t 0  |e QA76.9.H85 H86525 2003  |h Library of Congress classification  |i unmediated -- volume  |m A14832083895 
998 f f |a QA76.9.H85 H86525 2003  |t 0  |l Remote Storage